[Event "Vietnam National Masters Women 2012"]
[Site "Ho Chi Minh City VIE"]
[Date "2012.12.02"]
[Round "5.4"]
[White "Pham Bich Ngoc"]
[Black "Bui Kim Le"]
[Result "1-0"]
[WhiteTitle "WIM"]
[BlackTitle "WIM"]
[WhiteElo "2181"]
[BlackElo "2098"]
[WhiteFideId "12401285"]
[BlackFideId "12400874"]
[EventDate "2012.11.29"]

1. d4 Nf6 2. Nf3 g6 3. c4 Bg7 4. Nc3 d5 5. Bg5 Ne4 6. Bf4 Nxc3 7. bxc3 O-O 8. e3
c5 9. cxd5 cxd4 10. cxd4 Qxd5 11. Be2 Nc6 12. O-O h6 13. Qb1 Qf5 14. Bd3 Qh5 15.
Rc1 g5 16. Bg3 Qg4 17. Rc5 Qe6 18. a4 a5 19. Ra3 Nb4 20. Bf5 Qa6 21. Bh7+ Kh8
22. Bc7 b6 23. Rc1 Be6 24. h4 g4 25. Ne5 Rac8 26. Bf5 g3 27. fxg3 Bxf5 28. Qxf5
Kg8 29. Nd7 e6 30. Qg4 Nd5 31. Nxf8 Rxc7 32. Rxc7 Nxc7 33. Nd7 Qc4 34. Kh2 Qc1
35. Rd3 Qc6 36. Nf6+ Kf8 37. Nh5 Bh8 38. Qf4 Bg7 39. e4 Qc4 40. Rf3 1-0

[Event "Vietnam National Masters Women 2012"]
[Site "Ho Chi Minh City VIE"]
[Date "2012.12.02"]
[Round "5.5"]
[White "Nguyen Thi Hanh"]
[Black "Ton,N"]
[Result "1-0"]
[BlackTitle "WF"]
[WhiteElo "1884"]
[BlackElo "2011"]
[WhiteFideId "12401200"]
[BlackFideId "12401803"]
[EventDate "2012.11.29"]

1. e4 c5 2. Nf3 d6 3. d4 cxd4 4. Nxd4 Nf6 5. Nc3 a6 6. Be2 e6 7. O-O Be7 8. a4
b6 9. f4 Bb7 10. Bf3 Qc7 11. Kh1 Nbd7 12. Qe1 O-O 13. Nb3 Rac8 14. Be3 Rfd8 15.
Rd1 b5 16. axb5 axb5 17. Nd4 b4 18. Ncb5 Qb8 19. Bc1 Ba6 20. Qxb4 e5 21. fxe5
Nxe5 22. b3 Qb7 23. Ba3 Nxe4 24. Bxe4 Qxe4 25. Nf5 Qxb4 26. Nxe7+ Kf8 27. Bxb4
Kxe7 28. Nxd6 Rb8 29. Nb5+ 1-0

[Event "Vietnam National Masters Women 2012"]
[Site "Ho Chi Minh City VIE"]
[Date "2012.12.02"]
[Round "5.6"]
[White "Doan,T"]
[Black "Doan,Thi Hong Nhung"]
[Result "1/2-1/2"]
[WhiteElo "1991"]
[BlackElo "1849"]
[WhiteFideId "12400491"]
[BlackFideId "12403547"]
[EventDate "2012.11.29"]

1. d4 d5 2. c4 dxc4 3. Nf3 Nf6 4. e3 e6 5. Bxc4 c5 6. O-O a6 7. a4 Nc6 8. Nc3
Be7 9. b3 cxd4 10. Nxd4 Nxd4 11. exd4 Bd7 12. d5 exd5 13. Nxd5 Nxd5 14. Qxd5 O-O
15. Qxb7 Bf6 16. Ba3 Qc8 17. Qxc8 Rfxc8 18. Rad1 Bxa4 19. Bxf7+ Kxf7 20. bxa4
Rc4 21. Rd7+ Kg6 22. Be7 Rxa4 23. Bxf6 Kxf6 24. Rc1 Rc8 25. Rcd1 Rc6 26. g3 Ra2
27. R1d4 g5 28. Rd3 Kg6 29. Rf3 h6 30. g4 Rf6 31. Rxf6+ Kxf6 32. Rd6+ Kg7 33.
Kg2 a5 34. Kg3 a4 35. Ra6 a3 36. Kf3 Ra1 37. Ke4 Ra2 38. Ra7+ Kg6 39. Ra6+ Kg7
40. f3 Re2+ 41. Kf5 a2 42. Ra7+ Kf8 43. Kf6 Ke8 44. h3 Rh2 45. Kg6 Rxh3 46. Rxa2
Rxf3 47. Kxh6 Rb3 48. Ra5 Kf7 49. Kxg5 Kg7 50. Ra7+ Kg8 51. Ra6 Kg7 52. Rg6+ Kh7
53. Rf6 Kg7 54. Rf5 Rb7 55. Re5 Rc7 56. Kh5 Rb7 57. Kg5 Rc7 58. Re6 Rc5+ 59. Kf4
Rc4+ 60. Kg5 Rc5+ 61. Kh4 Rc7 62. Kh5 Rc5+ 63. g5 Rc7 64. Rg6+ Kh7 65. Re6 Kg7 1/2-1/2

[Event "Vietnam National Masters Women 2012"]
[Site "Ho Chi Minh City VIE"]
[Date "2012.12.02"]
[Round "5.7"]
[White "Le Thi Ha"]
[Black "Tran,Thi Mong Thu"]
[Result "1-0"]
[WhiteElo "1944"]
[BlackElo "1847"]
[WhiteFideId "12401994"]
[BlackFideId "12403415"]
[EventDate "2012.11.29"]

1. d4 d5 2. Nf3 Nf6 3. e3 e6 4. Bd3 Be7 5. O-O O-O 6. b3 b6 7. Bb2 Bb7 8. Nbd2
Nbd7 9. Ne5 c5 10. Qe2 Qc7 11. Rac1 Rac8 12. f4 Ne8 13. c3 f5 14. Nxd7 Qxd7 15.
Bb5 Qc7 16. Bxe8 Rcxe8 17. Nf3 Rf6 18. Ne5 Rh6 19. Rfd1 g5 20. Qf2 g4 21. c4 Bf6
22. cxd5 Bxd5 23. dxc5 bxc5 24. Qc2 Rc8 25. Rd2 Qb7 26. Nc4 Qe7 27. g3 Rg6 28.
Rcd1 Rg7 29. Bxf6 Qxf6 30. Nd6 Rd8 31. Nxf5 exf5 32. Rxd5 Rf8 33. Qxc5 h5 34.
Qc4 Kh8 35. Qd4 Qc6 36. Rd7 Rg8 37. Rd6 1-0

[Event "Vietnam National Masters Women 2012"]
[Site "Ho Chi Minh City VIE"]
[Date "2012.12.02"]
[Round "5.9"]
[White "Nguyen,Thi Thuy Trien"]
[Black "Nguyen,Thi Thu Huyen"]
[Result "0-1"]
[WhiteTitle "WF"]
[WhiteElo "1963"]
[BlackElo "2082"]
[WhiteFideId "12404179"]
[BlackFideId "12404365"]
[EventDate "2012.11.29"]

1. e4 c6 2. d4 d5 3. exd5 cxd5 4. Bd3 Nc6 5. c3 Nf6 6. Nf3 Bg4 7. O-O e6 8. Bf4
Bd6 9. Bxd6 Qxd6 10. Nbd2 O-O 11. h3 Bh5 12. Re1 Rab8 13. Qe2 Bg6 14. Bxg6 hxg6
15. Ne5 b5 16. Nxc6 Qxc6 0-1

[Event "Vietnam National Masters Women 2012"]
[Site "Ho Chi Minh City VIE"]
[Date "2012.12.02"]
[Round "5.10"]
[White "Huynh,T"]
[Black "Nguyen,Thi Minh Thu"]
[Result "1/2-1/2"]
[WhiteElo "1859"]
[BlackElo "1645"]
[WhiteFideId "12403482"]
[BlackFideId "12406929"]
[EventDate "2012.11.29"]

1. e4 Nf6 2. d3 g6 3. g3 Bg7 4. Bg2 d6 5. Ne2 c5 6. c3 Nc6 7. h3 Qc7 8. Be3 Bd7
9. Qd2 Ne5 10. Na3 a6 11. Rc1 Rc8 12. f4 Nc6 13. O-O O-O 14. d4 Rcd8 15. Qc2 Na7
16. d5 e6 17. c4 Rb8 18. Qd2 Rfd8 19. Nc2 exd5 20. exd5 Bf5 21. Nc3 Re8 22. g4
Be4 23. g5 Bxg2 24. Qxg2 Nh5 25. Bd2 b5 26. b3 bxc4 27. bxc4 Qd7 28. Qf3 Nc8 29.
Rb1 Nb6 30. Qd3 Qf5 31. Qxf5 gxf5 32. Na3 Bd4+ 33. Kg2 Be3 34. Bxe3 Rxe3 35. Rb3
Rg3+ 36. Kh2 Re8 37. Rg1 Rd3 38. Rc1 Ree3 39. Rxb6 Rxh3+ 40. Kg1 Rdg3+ 41. Kf1
Rh1+ 42. Kf2 Rxc1 43. Ne2 Rxa3 44. Nxc1 Nxf4 45. Ke1 Nd3+ 46. Nxd3 Rxd3 47. Rxd6
Rd4 48. Rxa6 Rxc4 49. d6 Rd4 50. a4 Kf8 51. Ra8+ Kg7 52. Ra6 Kf8 1/2-1/2

[Event "Vietnam National Masters Women 2012"]
[Site "Ho Chi Minh City VIE"]
[Date "2012.12.02"]
[Round "6.1"]
[White "Le Thanh Tu"]
[Black "Pham Bich Ngoc"]
[Result "1/2-1/2"]
[WhiteTitle "WGM"]
[BlackTitle "WIM"]
[WhiteElo "2327"]
[BlackElo "2181"]
[WhiteFideId "12401005"]
[BlackFideId "12401285"]
[EventDate "2012.11.29"]

1. Nf3 f5 2. d4 Nf6 3. c4 g6 4. g3 Bg7 5. Bg2 O-O 6. O-O d6 7. Nc3 c6 8. Rb1 Qe8
9. d5 a5 10. Nd4 Bd7 11. a3 Na6 12. b3 Nc7 13. Bb2 c5 14. Nf3 b5 15. a4 b4 16.
Nb5 Qc8 17. Nxc7 Qxc7 18. Ng5 Rae8 19. Bxf6 Rxf6 20. Ne6 Bxe6 21. dxe6 Kh8 22.
Bd5 f4 23. Kg2 Qc8 24. Qd3 Ref8 25. g4 g5 26. Rbd1 Rh6 27. Qf3 Rh4 28. h3 Be5
29. Qe4 Rf6 30. Rh1 Kg7 31. Rd3 h5 32. f3 hxg4 1/2-1/2

[Event "Vietnam National Masters Women 2012"]
[Site "Ho Chi Minh City VIE"]
[Date "2012.12.02"]
[Round "6.2"]
[White "Pham Thi Thu Hien"]
[Black "Hoang Thi Bao Tram"]
[Result "1/2-1/2"]
[BlackTitle "WGM"]
[WhiteElo "2105"]
[BlackElo "2317"]
[WhiteFideId "12402575"]
[BlackFideId "12401102"]
[EventDate "2012.11.29"]

1. d4 d5 2. c4 c6 3. cxd5 cxd5 4. Nf3 Nf6 5. Nc3 Nc6 6. Bf4 Bf5 7. e3 e6 8. Bd3
Bg6 9. Bxg6 hxg6 10. Qb3 Bb4 11. O-O O-O 12. Rac1 Rc8 13. Rfd1 Nh5 14. Bg3 Nxg3
15. hxg3 Qe7 1/2-1/2

[Event "Vietnam National Masters Women 2012"]
[Site "Ho Chi Minh City VIE"]
[Date "2012.12.02"]
[Round "6.3"]
[White "Le Kieu Thien Kim"]
[Black "Le Thi Ha"]
[Result "1-0"]
[WhiteTitle "WIM"]
[WhiteElo "2261"]
[BlackElo "1944"]
[WhiteFideId "12400572"]
[BlackFideId "12401994"]
[EventDate "2012.11.29"]

1. d4 Nf6 2. Nf3 e6 3. e3 b6 4. Bd3 Bb7 5. Nbd2 c5 6. b3 cxd4 7. exd4 Be7 8. O-O
O-O 9. c4 d6 10. Bb2 Nbd7 11. Rc1 Rc8 12. Bb1 Rc7 13. Re1 Re8 14. Nf1 Qa8 15.
Ng3 d5 16. Qd3 Nf8 17. c5 Ne4 18. b4 Nxg3 19. hxg3 Bf6 20. Kh2 g6 21. Qd2 bxc5
22. bxc5 Qb8 23. Rc3 Bc6 24. Rb3 Rb7 25. Bc2 Nd7 26. Bc3 Rxb3 27. Bxb3 e5 28.
dxe5 Bxe5 29. Nxe5 Nxe5 30. Qd4 f6 31. Bxd5+ Bxd5 32. Qxd5+ Kg7 33. Bxe5 fxe5
34. Qd7+ Kf6 35. Re3 Qd8 36. Qxa7 e4 37. Qb6+ Kf5 38. Qxd8 Rxd8 39. c6 Rc8 40.
Rc3 Rc7 41. Rc5+ Ke6 42. Kh3 Kd6 43. Rc2 Ke7 44. Kg4 Kd8 45. Kf4 Re7 46. c7+ Kc8
47. a4 Re6 48. Rc4 Rf6+ 49. Ke3 h6 50. a5 Ra6 51. Rc5 Re6 52. g4 Rf6 53. g3 Rf3+
54. Kxe4 Rxf2 55. a6 Ra2 56. Rc6 Ra4+ 57. Kf3 g5 58. Rxh6 Kxc7 59. a7 Kb7 60.
Rh7+ Ka8 61. Rg7 Ra5 62. Ke4 Rb5 63. Re7 Ra5 64. Re5 Ra4+ 65. Kf5 Kxa7 66. Kxg5
Kb6 67. Kf5 Kc6 68. g5 Kd6 69. Re3 Ra1 70. g6 1-0

[Event "Vietnam National Masters Women 2012"]
[Site "Ho Chi Minh City VIE"]
[Date "2012.12.02"]
[Round "6.4"]
[White "Tran,Thi Kim Cuong"]
[Black "Nguyen Thi Thanh An"]
[Result "1/2-1/2"]
[BlackTitle "WGM"]
[WhiteElo "1855"]
[BlackElo "2318"]
[WhiteFideId "12407291"]
[BlackFideId "12400300"]
[EventDate "2012.11.29"]

1. d4 Nf6 2. Nf3 g6 3. b3 Bg7 4. Bb2 O-O 5. e3 c5 6. Bd3 Nc6 7. a3 cxd4 8. Nxd4
b6 9. O-O Bb7 10. Nd2 Qc7 11. Nb5 Qb8 12. c4 d5 13. cxd5 Ne5 14. Be2 a6 15. Nc3
Nxd5 16. Nxd5 Bxd5 17. Bd4 Qb7 18. f3 Rfd8 19. Qc1 f6 20. Bxe5 fxe5 21. e4 Bf7
22. Bc4 e6 23. Rf2 Bh6 24. Kh1 b5 25. Bf1 Rac8 26. Qe1 Rc2 27. f4 Qa7 28. Re2
exf4 29. Nf3 Rxe2 30. Qxe2 g5 31. Rd1 Rxd1 32. Qxd1 Qc7 33. a4 bxa4 34. bxa4 a5
35. Nd4 Qd8 36. Be2 Bg7 37. Nc6 Qxd1+ 38. Bxd1 Bc3 39. Nd8 e5 40. Nxf7 Kxf7 41.
Bb3+ Ke7 42. Kg1 Kd6 43. Kf2 Kc5 44. Bd5 h5 45. h3 g4 46. Be6 Kb4 47. Bd7 Bd4+
48. Ke2 Kb3 49. hxg4 hxg4 50. Bb5 Bc5 51. Bd7 Bb6 52. Bb5 Kc3 53. Bd7 Kd4 54.
Bf5 Bd8 55. Bg6 Bh4 56. Bf5 Bg3 57. Bg6 Bh2 58. Bf5 Bg1 59. Bg6 Be3 60. Bf5 Bc1
61. Bg6 Kc4 62. Bf5 Kb4 63. Bd7 Bb2 64. Bb5 Bc3 65. Bd7 Bd4 66. Bc6 Ba7 67. Bd7
Bb6 68. Bc6 Kb3 69. Bd7 Bd8 70. Bc6 Kc3 71. Bd7 Kd4 72. Bf5 Bh4 73. Bg6 f3+ 74.
gxf3 g3 75. Kf1 Ke3 76. Kg2 Kf4 77. Be8 1/2-1/2

[Event "Vietnam National Masters Women 2012"]
[Site "Ho Chi Minh City VIE"]
[Date "2012.12.02"]
[Round "6.5"]
[White "Doan,Thi Hong Nhung"]
[Black "Nguyen Thi Hanh"]
[Result "1/2-1/2"]
[WhiteElo "1849"]
[BlackElo "1884"]
[WhiteFideId "12403547"]
[BlackFideId "12401200"]
[EventDate "2012.11.29"]

1. d4 d5 2. Nf3 Nf6 3. c4 c6 4. cxd5 cxd5 5. Nc3 Nc6 6. Bf4 a6 7. e3 e6 8. Bd3
Bd6 9. Bxd6 Qxd6 10. O-O O-O 11. a3 b5 12. b4 Bb7 13. Qb3 Rac8 14. Rfc1 e5 15.
Bf5 Rcd8 16. Ne2 e4 17. Nd2 Ne7 18. Bh3 Bc8 19. Bxc8 Rxc8 20. h3 Nd7 21. a4 Nc6
22. axb5 axb5 23. Ra6 Ndb8 24. Rb6 Qxb4 25. Qxb4 Nxb4 26. Rxc8 Rxc8 27. Rxb5
N8a6 28. Nf4 Rb8 29. Ra5 Rd8 30. Nb1 g5 31. Ne2 f6 32. Nbc3 Kf7 33. Nc1 Ke6 34.
N1a2 Rd6 35. Nxb4 Nxb4 36. Rb5 Nd3 37. f3 f5 38. Kh2 h5 39. h4 gxh4 40. Kh3 Ne1
41. fxe4 fxe4 42. Ne2 Nd3 43. Kxh4 Rd8 44. g3 Rc8 45. Rb3 Kf5 46. Nc3 Nb4 47.
Nxe4 Kxe4 48. Rxb4 Kxe3 49. Kxh5 Rh8+ 50. Kg4 Ke4 51. Ra4 Rg8+ 52. Kh3 Rh8+ 53.
Kg4 Rg8+ 54. Kh3 Rh8+ 55. Kg4 Rg8+ 1/2-1/2

[Event "Vietnam National Masters Women 2012"]
[Site "Ho Chi Minh City VIE"]
[Date "2012.12.02"]
[Round "6.6"]
[White "Bui Kim Le"]
[Black "Ngo Thi Kim Tuyen"]
[Result "0-1"]
[WhiteTitle "WIM"]
[WhiteElo "2098"]
[BlackElo "2078"]
[WhiteFideId "12400874"]
[BlackFideId "12400505"]
[EventDate "2012.11.29"]

1. e4 Nf6 2. e5 Nd5 3. d4 d6 4. Nf3 Bg4 5. exd6 exd6 6. Be2 Be7 7. c4 Nb6 8. Be3
O-O 9. O-O Nc6 10. Nbd2 Bf6 11. Rc1 d5 12. c5 Nc8 13. h3 Bf5 14. b4 a6 15. Qb3
Bg6 16. a4 Re8 17. Rfe1 a5 18. b5 Nb4 19. Nf1 b6 20. Bd2 bxc5 21. dxc5 h5 22.
Bxb4 axb4 23. Qxb4 Re4 24. Qb3 Rexa4 25. Ne3 Be4 26. Nc2 Ra2 27. Ncd4 R8a3 28.
Qd1 h4 29. Nc6 Qf8 30. Nfd4 Bg5 31. f3 Rd2 32. fxe4 Rxd1 33. Rcxd1 Qxc5 34. Kh1
dxe4 35. Bg4 Nd6 36. Re2 Rd3 37. Rc2 Rxd1+ 38. Bxd1 Qa3 39. Be2 Qa1+ 40. Kh2
Bf4+ 41. g3 hxg3+ 0-1

[Event "Vietnam National Masters Women 2012"]
[Site "Ho Chi Minh City VIE"]
[Date "2012.12.02"]
[Round "6.7"]
[White "Nguyen,Thi Thu Huyen"]
[Black "Doan,T"]
[Result "1-0"]
[WhiteElo "2082"]
[BlackElo "1991"]
[WhiteFideId "12404365"]
[BlackFideId "12400491"]
[EventDate "2012.11.29"]

1. d4 d5 2. c4 c6 3. Nc3 Nf6 4. Nf3 dxc4 5. e3 b5 6. a4 Nd5 7. Ne5 Nxc3 8. bxc3
Qd5 9. Be2 Bf5 10. f3 Qd8 11. e4 Bd7 12. d5 Qb6 13. dxc6 Bxc6 14. axb5 Bxb5 15.
Qd5 e6 16. Qxa8 Bc5 17. Rb1 O-O 18. Bf4 Qa6 19. Bxc4 Bxc4 20. Qb7 Qa2 21. Qb2
Qxb2 22. Rxb2 Ba6 23. Ng6 hxg6 24. Rxb8 Bc4 25. Rxf8+ Kxf8 26. Kd2 a6 27. Be3
Bd6 28. g3 f5 29. Rb1 Bb5 30. Kc2 Be2 31. Rb6 Ke7 32. exf5 gxf5 33. f4 e5 34.
fxe5 Bxe5 35. Bd4 Bxd4 36. cxd4 g5 37. Rg6 f4 38. Rxg5 f3 39. Kd2 Kf6 40. h4 Bc4
41. Ke3 Be2 42. Rc5 Kg6 43. g4 1-0

[Event "Vietnam National Masters Women 2012"]
[Site "Ho Chi Minh City VIE"]
[Date "2012.12.02"]
[Round "6.8"]
[White "Ton,N"]
[Black "Tran Le Dan Thuy"]
[Result "1-0"]
[WhiteTitle "WF"]
[WhiteElo "2011"]
[BlackElo "1884"]
[WhiteFideId "12401803"]
[BlackFideId "12403407"]
[EventDate "2012.11.29"]

1. d4 d5 2. c4 c6 3. Nc3 Nf6 4. Bg5 Bf5 5. Qb3 Qb6 6. Qxb6 axb6 7. Bxf6 exf6 8.
cxd5 Bb4 9. dxc6 Nxc6 10. e3 O-O 11. Ne2 Na5 12. Nf4 Nb3 13. Rd1 Rxa2 14. Nd5
Bxc3+ 15. bxc3 Bc2 16. Nb4 Bxd1 17. Nxa2 Ra8 18. Kxd1 Rxa2 19. f4 Kf8 20. h4
Rd2+ 21. Ke1 Rc2 22. c4 Rc1+ 23. Ke2 Rxc4 24. Kd3 b5 25. g4 Ke7 26. Rh2 Nc1+ 27.
Ke4 Rb4 28. Rc2 Rb1 29. Rc7+ Kd6 30. Rxf7 b4 31. Rxb7 Kc6 32. Rxg7 b3 33. d5+
Kb6 34. d6 b2 35. Rg8 Kc6 36. Rb8 Kxd6 37. Bc4 Kc5 38. Bg8 h6 39. h5 Ne2 40. Kf5
Nc3 41. Kxf6 Nb5 42. Bh7 Re1 43. Bd3 b1=Q 44. Bxb1 Rxb1 45. Ke5 Rg1 46. Rc8+ Kb6
47. Rg8 Kc7 48. g5 Kd7 49. Kf6 Nd6 50. Rg7+ Kd8 51. Ke6 1-0

[Event "Vietnam National Masters Women 2012"]
[Site "Ho Chi Minh City VIE"]
[Date "2012.12.02"]
[Round "6.9"]
[White "Tran,Thi Mong Thu"]
[Black "Nguyen,Thi Thuy Trien"]
[Result "0-1"]
[BlackTitle "WF"]
[WhiteElo "1847"]
[BlackElo "1963"]
[WhiteFideId "12403415"]
[BlackFideId "12404179"]
[EventDate "2012.11.29"]

1. e4 c5 2. Nf3 Nc6 3. d4 cxd4 4. Nxd4 d6 5. Nc3 g6 6. Be3 Bg7 7. Be2 Nf6 8. O-O
O-O 9. f4 Nxd4 10. Bxd4 e6 11. Qd2 Qe7 12. Rad1 e5 13. Be3 exf4 14. Bxf4 Nxe4
15. Nxe4 Qxe4 16. Bxd6 Rd8 17. Bf3 Qh4 18. Qe2 Bd4+ 19. Kh1 Rxd6 20. c3 Be6 21.
g3 Qd8 22. cxd4 Rxd4 23. Rxd4 Qxd4 24. Rd1 Qb6 25. a3 Rc8 26. Be4 Qc7 27. Qg2 b6
28. h4 Qe5 29. Rf1 Bh3 30. Qxh3 Qxe4+ 31. Qg2 Qxg2+ 32. Kxg2 Rc2+ 33. Rf2 Rxf2+
34. Kxf2 f5 35. Ke3 Kf7 36. Kf4 Kf6 37. a4 a5 38. Kf3 Ke5 39. Ke3 h6 40. b3 g5 0-1

[Event "Vietnam National Masters Women 2012"]
[Site "Ho Chi Minh City VIE"]
[Date "2012.12.03"]
[Round "7.1"]
[White "Le Kieu Thien Kim"]
[Black "Le Thanh Tu"]
[Result "0-1"]
[WhiteTitle "WIM"]
[BlackTitle "WGM"]
[WhiteElo "2261"]
[BlackElo "2327"]
[WhiteFideId "12400572"]
[BlackFideId "12401005"]
[EventDate "2012.11.29"]

1. d4 Nf6 2. Nf3 c5 3. e3 g6 4. b3 Bg7 5. Bb2 O-O 6. Bd3 d5 7. O-O Nc6 8. a3
cxd4 9. exd4 Nh5 10. Qd2 Qd6 11. Re1 Nf4 12. Bf1 Ne6 13. a4 Rd8 14. Na3 a6 15.
g3 Nc7 16. Bg2 Bf5 17. Ne5 h5 18. Rad1 Ne6 19. Nxc6 bxc6 20. Qe3 Ra7 21. Bf1 Qb4
22. Qc3 c5 23. Bd3 Qxc3 24. Bxc3 Bxd3 25. Rxd3 Nxd4 26. Ba5 Rc8 27. c4 e6 28.
Bb6 Rb7 29. a5 Rd7 30. Kg2 Nc6 31. cxd5 Nb4 32. Rdd1 exd5 33. Nb1 d4 34. Nc3 d3
35. Na4 Bd4 36. Re4 Kg7 37. Nxc5 Bxc5 38. Bxc5 Rxc5 39. Rxb4 Rxa5 40. Rd2 Rc5
41. Kf3 Rd6 42. h4 Rf5+ 43. Ke3 Re5+ 44. Re4 Rb5 45. b4 Rdb6 46. Rxd3 Rxb4 47.
Re7 Rb7 48. Re5 Rb3 49. Ra5 Re7+ 50. Kd2 Rb2+ 51. Kc3 Rxf2 52. Rxa6 Rc7+ 53. Kd4
Re2 54. Rd6 Rce7 55. Rf3 Rd2+ 56. Rd3 Ra2 57. Kc3 Ra3+ 58. Kd4 Ra4+ 59. Kc3 Ra3+
60. Kd4 Rxd3+ 61. Kxd3 Re1 62. Kd2 Re6 63. Rd3 f6 64. Rd8 Re5 65. Rd7+ Kh6 66.
Rd6 Kg7 67. Rd7+ Kf8 68. Rh7 Kg8 69. Rd7 Kf8 70. Rh7 Re7 71. Rh8+ Kf7 72. Ra8 g5
73. hxg5 fxg5 74. Kd3 Kf6 75. Rf8+ Kg6 76. Kd4 Rf7 77. Rxf7 Kxf7 78. Ke5 Kg6 79.
Ke4 Kf6 80. Ke3 Ke5 81. Kf3 Kd4 82. Kf2 Ke4 83. Ke2 g4 84. Kf2 Kd3 85. Kg1 Ke3 0-1

[Event "Vietnam National Masters Women 2012"]
[Site "Ho Chi Minh City VIE"]
[Date "2012.12.03"]
[Round "7.2"]
[White "Pham Bich Ngoc"]
[Black "Pham Thi Thu Hien"]
[Result "1-0"]
[WhiteTitle "WIM"]
[WhiteElo "2181"]
[BlackElo "2105"]
[WhiteFideId "12401285"]
[BlackFideId "12402575"]
[EventDate "2012.11.29"]

1. Nf3 Nf6 2. c4 c6 3. d4 d5 4. e3 g6 5. b3 Bg7 6. Bd3 O-O 7. O-O Bf5 8. Bxf5
gxf5 9. Nc3 e6 10. Ba3 Re8 11. Rc1 Ne4 12. Ne5 Nd7 13. Nxe4 fxe4 14. Bd6 Nxe5
15. dxe5 Qg5 16. f4 Qh6 17. Qe2 Bf8 18. c5 f5 19. Kh1 Kh8 20. b4 a6 21. a4 Qg7
22. Rg1 Qg4 23. Qxg4 fxg4 24. g3 Kg7 25. h3 h5 26. hxg4 hxg4 27. Kg2 Be7 28. Rh1
Bd8 29. a5 Rh8 30. Rxh8 Kxh8 31. Rh1+ Kg7 32. Rh5 Rc8 33. f5 exf5 34. Rxf5 Bc7
35. e6 Re8 36. e7 Bd8 37. Rf8 Rxe7 38. Bxe7 Bxe7 39. Rb8 1-0

[Event "Vietnam National Masters Women 2012"]
[Site "Ho Chi Minh City VIE"]
[Date "2012.12.03"]
[Round "7.3"]
[White "Hoang Thi Bao Tram"]
[Black "Tran,Thi Kim Cuong"]
[Result "1-0"]
[WhiteTitle "WGM"]
[WhiteElo "2317"]
[BlackElo "1855"]
[WhiteFideId "12401102"]
[BlackFideId "12407291"]
[EventDate "2012.11.29"]

1. d4 Nf6 2. Nf3 g6 3. c4 Bg7 4. Nc3 d6 5. e4 O-O 6. h3 c5 7. Be3 cxd4 8. Nxd4
Nc6 9. Be2 Nxd4 10. Bxd4 Qa5 11. O-O Be6 12. f4 Ne8 13. f5 Bd7 14. Nd5 Qd8 15.
Bxg7 Kxg7 16. Qd4+ f6 17. Rad1 g5 18. b4 Bc6 19. Ne3 Qb6 20. c5 dxc5 21. bxc5
Qa5 22. Nc4 Qc7 23. Rfe1 Qf4 24. Bf3 Nc7 25. Na5 Rfd8 26. Qxd8 Rxd8 27. Rxd8 Qe5
28. Nxc6 bxc6 29. a4 Qxc5+ 30. Kh1 Na6 31. Red1 Qe5 32. R8d7 Nc5 33. Rxa7 Nxe4
34. Bxe4 Qxe4 35. a5 Kf7 36. a6 g4 37. hxg4 Qxg4 38. Rad7 Qh4+ 39. Kg1 Qg3 40.
a7 Qe3+ 41. Kf1 Qf4+ 42. Ke2 Qe4+ 43. Kd2 Qf4+ 44. Kc3 Qe5+ 45. R1d4 Qc5+ 46.
Kd2 Qa5+ 47. Kd1 Qa1+ 48. Ke2 Qb2+ 49. Kf3 Qa3+ 50. Rd3 Qa5 51. g4 h5 52. Re3
hxg4+ 53. Kxg4 Qa4+ 54. Kh5 1-0

[Event "Vietnam National Masters Women 2012"]
[Site "Ho Chi Minh City VIE"]
[Date "2012.12.03"]
[Round "7.4"]
[White "Nguyen Thi Hanh"]
[Black "Nguyen Thi Thanh An"]
[Result "1-0"]
[BlackTitle "WGM"]
[WhiteElo "1884"]
[BlackElo "2318"]
[WhiteFideId "12401200"]
[BlackFideId "12400300"]
[EventDate "2012.11.29"]

1. e4 c5 2. Nf3 d6 3. d4 cxd4 4. Nxd4 Nf6 5. Nc3 a6 6. Be2 e5 7. Nb3 Be7 8. O-O
O-O 9. Be3 Qc7 10. f4 Nbd7 11. Kh1 b5 12. a3 Bb7 13. Bf3 Rac8 14. Qe1 Rfe8 15.
Rd1 Bf8 16. f5 Qb8 17. g4 Qa8 18. Bc1 Rxc3 19. Qxc3 Bxe4 20. g5 Rc8 21. Qe3
Bxf3+ 22. Qxf3 Qxf3+ 23. Rxf3 Ne4 24. c3 Be7 25. h4 Nb6 26. Nd2 Nxd2 27. Bxd2
Rc4 28. Be1 Re4 29. f6 Bf8 30. b3 Nd5 31. Bg3 Nc7 32. fxg7 Bxg7 33. Rxd6 Ne6 34.
Rxa6 Rg4 35. Ra8+ Nf8 36. Kh2 h6 37. gxh6 Bxh6 38. Bxe5 Rxh4+ 39. Rh3 Re4 40.
Bd6 Re2+ 41. Kg1 Re6 42. Rxh6 Rxh6 43. Bxf8 Rh5 44. Bc5+ Kh7 45. Bd4 Kg6 46. Ra5 1-0

[Event "Vietnam National Masters Women 2012"]
[Site "Ho Chi Minh City VIE"]
[Date "2012.12.03"]
[Round "7.5"]
[White "Ngo Thi Kim Tuyen"]
[Black "Ton,N"]
[Result "1-0"]
[BlackTitle "WF"]
[WhiteElo "2078"]
[BlackElo "2011"]
[WhiteFideId "12400505"]
[BlackFideId "12401803"]
[EventDate "2012.11.29"]

1. c4 Nf6 2. d4 e6 3. Nc3 Bb4 4. Qc2 b6 5. a3 Bxc3+ 6. bxc3 Bb7 7. Bg5 h6 8. Bh4
g5 9. Bg3 Ne4 10. f3 Nxg3 11. hxg3 f5 12. d5 Qf6 13. e4 Na6 14. exf5 exf5 15.
Bd3 O-O 16. Ne2 Rae8 17. O-O-O Nc5 18. Nd4 Nxd3+ 19. Qxd3 c5 20. Nc2 f4 21. gxf4
Qxf4+ 22. Kb2 Kg7 23. Rde1 Ba6 24. Ne3 Rf6 25. a4 Re5 26. Kb3 Rd6 27. g3 Rxe3
28. Qxe3 Bxc4+ 29. Kb2 Qxe3 30. Rxe3 Rxd5 31. Rh2 Rd6 32. Re7+ Kg6 33. Re8 a6
34. Rc8 Rd3 35. Rh8 Be6 36. R2xh6+ Kg7 37. R8h7+ Kg8 38. Rh8+ Kg7 39. R6h7+ Kg6
40. Rh6+ Kg7 41. f4 gxf4 42. gxf4 Rd2+ 43. Kc1 Rf2 44. Rh4 Rf3 45. Kd2 c4 46.
Rb8 Rf2+ 47. Ke3 Rb2 48. a5 b5 49. Rb6 Kg6 50. Rxa6 b4 51. cxb4 Rxb4 52. Rg4+
Kf6 53. Rg1 Rb3+ 54. Kd2 Rf3 55. Ke2 Ra3 56. Ra7 c3 57. Rc1 Bf5 58. a6 c2 59.
Kd2 Ra4 60. Ra8 Ke7 61. Re1+ Kd6 62. a7 Kc7 63. Rf8 1-0

[Event "Vietnam National Masters Women 2012"]
[Site "Ho Chi Minh City VIE"]
[Date "2012.12.03"]
[Round "7.6"]
[White "Le Thi Ha"]
[Black "Nguyen,Thi Thu Huyen"]
[Result "1/2-1/2"]
[WhiteElo "1944"]
[BlackElo "2082"]
[WhiteFideId "12401994"]
[BlackFideId "12404365"]
[EventDate "2012.11.29"]

1. d4 d5 2. Nf3 Nf6 3. e3 Bg4 4. Nbd2 e6 5. Be2 Bd6 6. O-O O-O 7. b3 c5 8. h3
Bf5 9. Bb2 Nc6 10. Nh4 Be4 11. dxc5 Bxc5 12. Nxe4 Nxe4 13. Nf3 Be7 14. c4 Bf6
15. Bxf6 Qxf6 16. cxd5 Nc3 17. Qe1 Nb4 18. Nd4 Nxe2+ 19. Qxe2 Nxd5 20. Rac1 Rfc8
21. Qb5 Qe7 22. Ne2 a6 23. Qa5 Qb4 24. Qxb4 Nxb4 25. Rxc8+ Rxc8 26. Rc1 Rxc1+
27. Nxc1 Kf8 28. Kf1 Ke7 29. Ke2 Kd6 30. Kd2 Ke5 1/2-1/2